000 00439nam a2200169 a 4500
001 0000-9364
003 ELIB.Books
008 110520 1966
035 _a(ELIB.Books)0000-9516
082 _a260
_bRos
100 _aRose, Stephen C.
245 _aWho's Killing The Church?
260 _bChicago: Renewal Maganize.
_c1966
650 _aChristian Church - Society
942 _2ddc
_cBK
998 _cbat
_e2011-05-20
999 _c9364
_d9364